000 00585nam a2200193Ii 4500
003 JO-AjNU
008 230605s9999||||xx |||||||||||||| ||und||
040 _aJO-AjNU
_bara
_erda
_cJO-AjNU
041 _aara
050 1 4 _aCS1476.Q85.2003
100 3 _aالقطب، سمير عبد الرزاق,
_eauthor
_918631
245 0 0 _aانساب العرب
264 3 1 _aد.م: دار مكتبة الحياة، 2003
300 _a317ص
336 _atext
_btxt
_2rdacontent
337 _aunmediated
_bn
_2rdamedia
338 _avolume
_bnc
_2rdacarrier
650 4 _aالعرب-انساب
_918632
999 _aA5995
_c9563
_d9563